LEADER 01234nam a2200289 i 4500 001 991001046719707536 005 20020507105639.0 008 970605s1996 uk ||| | eng 020 $a0750303751 035 $ab10166002-39ule_inst 035 $aLE00641233$9ExL 040 $aDip.to Fisica$bita 084 $a53.2.63 111 2 $aScottish Universities' Summer School in Physics$0461794 245 10$aLaser sources and applications :$bproceedings of the 47th Scottish Universities Summer School in Physics, held at St. Andrews, June 1995 /$cedited by A. Miller, D.M. Finlayson ; NATO Advanced Study Institute 260 $aEdinburgh :$bSUSSP Publications,$c1996 300 $axvi, 491 p. ;$c24 cm. 490 0 $aScottish Universities' Summer School in Physics ;$v47 700 1 $aMiller, Alan 700 1 $aFinlayson, D.M. 710 2 $aNATO Advanced Study Institute on laser sources and applications 907 $a.b10166002$b17-02-17$c27-06-02 912 $a991001046719707536 945 $aLE006 53.2.63 MIL$g1$i2006000150873$lle006$o-$pE0.00$q-$rl$s- $t0$u0$v0$w0$x0$y.i10202407$z27-06-02 996 $aLaser sources and applications$9188135 997 $aUNISALENTO 998 $ale006$b01-01-97$cm$da $e-$feng$guk $h0$i1 LEADER 01725nam 2200541 a 450 001 9910702013903321 005 20120907085034.0 035 $a(CKB)5470000002423993 035 $a(OCoLC)809363766 035 $a(EXLCZ)995470000002423993 100 $a20120907d2012 ua 0 101 0 $aeng 135 $aurbn||||||||| 181 $ctxt$2rdacontent 182 $cc$2rdamedia 183 $acr$2rdacarrier 200 10$aRolling bearing steels$b[electronic resource] $ea technical and historical perspective /$fErwin V. Zaretsky 210 1$aCleveland, Ohio :$cNational Aeronautics and Space Administration, Glenn Research Center,$d[2012] 215 $a1 online resource (21 pages) $cillustrations 225 1 $aNASA/TM ;$v2012-217445 300 $aTitle from title screen (viewed on Sept. 7, 2012). 300 $a"April 2012." 320 $aIncludes bibliographical references (pages 17-21). 517 $aRolling bearing steels 606 $aRoller bearings$2nasat 606 $aResidual stress$2nasat 606 $aSteels$2nasat 606 $aHardness$2nasat 606 $aCarburizing$2nasat 606 $aCompression loads$2nasat 606 $aCorrosion resistance$2nasat 606 $aLubrication$2nasat 615 7$aRoller bearings. 615 7$aResidual stress. 615 7$aSteels. 615 7$aHardness. 615 7$aCarburizing. 615 7$aCompression loads. 615 7$aCorrosion resistance. 615 7$aLubrication. 700 $aZaretsky$b Erwin V$01383332 712 02$aNASA Glenn Research Center. 801 0$bGPO 801 1$bGPO 906 $aBOOK 912 $a9910702013903321 996 $aRolling bearing steels$93503621 997 $aUNINA